000 00753nam a22002417a 4500
003 UA-OsUOA
001 43316
007 ta
008 20090611b un ||||| |||| 00| 0 ukr d
100 _aЛабинцев Юрій
700 _aЩавінська Лариса
090 _a655.11
_bЛ12
942 _cBR
040 _aUA-OsUOA
_bukr
_cUA-OsUOA
_dUA-OsUOA
245 _aДруковано в Лавре Кіевопечарской
300 _a28 с.
955 _a4
041 _aukr
080 _a655.11
260 _aМосква
_c2006
650 7 _a655 Поліграфічна промисловість. Поліграфічні підприємства. Видавництва. Книжкова торгівля
_2UDC
999 _c441794
_d441794